| 000 | 00492nam a2200193 a 4500 | ||
|---|---|---|---|
| 001 | 1766566527214 | ||
| 003 | YourLibrary | ||
| 005 | 20251226115018.0 | ||
| 008 | 251224s1999##################000#0#eng## | ||
| 020 | _a9780195125061 | ||
| 082 | 0 | 4 |
_a233.7092 _bSTE |
| 100 | 1 |
_aStevenson, William R., _eauthor. |
|
| 245 | 1 | 0 | _aSovereign Grace : |
| 260 | _c1999. | ||
| 300 | _a215 pages | ||
| 650 | 0 | _aBiography & Autobiography. | |
| 942 | _cENGLISH | ||
| 040 |
_aYourLibrary _beng _cYourLibrary |
||
| 999 |
_c604632 _d604632 |
||